| 000 | 00926nas a2200337 4500 | ||
|---|---|---|---|
| 001 | BR0103010 | ||
| 003 | BR-BrBNA | ||
| 005 | 20231205102323.0 | ||
| 007 | ta | ||
| 008 | 230509b bl.|||p| |||| 00| 00por d | ||
| 040 |
_aBR-BrBNA _bpor _cBiblioteca Nacional de Agricultura |
||
| 041 | _a(Pt) | ||
| 072 | _aL10 | ||
| 100 | 1 | _aFernandes, M.J.B. | |
| 100 | 1 | _aSimoni, I.C. | |
| 245 | 1 | _aCaracterizacao de linhagens celulares; 1: identificacao de especies por analise isoenzimatica | |
| 650 | _aEquino | ||
| 650 | _aBovino | ||
| 650 | _aSUÍNO | ||
| 650 | _aCoelho | ||
| 650 | _aMacaco | ||
| 650 | _aHamster | ||
| 650 | _aLinhagem | ||
| 650 | _aClone | ||
| 650 | _aRim | ||
| 650 | _aPulmao | ||
| 650 | _aSao Paulo | ||
| 773 | 0 |
_tArquivos do Instituto Biologico (Brazil) _xISSN 0020-3653 _g(Jan-Dec 1995), v. 62(1-2) p. 59-63 _wBR0103010 |
|
| 909 |
_a202311 _bLúcia _c55 _dLúcia Elande |
||
| 942 |
_2AGRIS _n0 _cANA |
||
| 999 |
_c166963 _d166963 |
||